000 00483nam a22001937a 4500
003 MPLRDC
005 20220104143042.0
008 210129b ||||| |||| 00| 0 eng d
020 _a978-967-5364-76-1
082 _a868.71 HZ-3
100 _a黄子
245 _a谁怕色字那把刀
_c
250 _a初版
260 _a马来西亚
_b文桥转播中心有限公司
_c2014
300 _b182
490 _a文桥评论
650 _a马华文学
942 _cBK
_o868.71 HZ-3
999 _c36166
_d36156